<?xml version="1.0" encoding="UTF-8"?>
<collection xmlns="http://www.loc.gov/MARC21/slim">
<record>
  <controlfield tag="001">106</controlfield>
  <controlfield tag="005">20160222141711.0</controlfield>
  <datafield tag="037" ind1=" " ind2=" ">
    <subfield code="a">SIDCimport-111</subfield>
  </datafield>
  <datafield tag="100" ind1=" " ind2=" ">
    <subfield code="a">Cugnon, P.</subfield>
  </datafield>
  <datafield tag="260" ind1=" " ind2=" ">
    <subfield code="c">1997</subfield>
  </datafield>
  <datafield tag="245" ind1=" " ind2=" ">
    <subfield code="a">Le Sunspot index Data Center, World Data Center C1 for Sunspot Index</subfield>
  </datafield>
  <datafield tag="773" ind1=" " ind2=" ">
    <subfield code="p">Ciel  Terre</subfield>
    <subfield code="v">112</subfield>
    <subfield code="y">1997</subfield>
    <subfield code="c">67-71</subfield>
  </datafield>
  <datafield tag="980" ind1=" " ind2=" ">
    <subfield code="a">OUTRART</subfield>
  </datafield>
</record>
</collection>